| 000 | 01144nam0a22002891 4500 | ||
|---|---|---|---|
| 001 | rc\364355 | ||
| 005 | 20250621052403.0 | ||
| 010 |
_a5-270-00018-0 _9100000 |
||
| 035 | _a(NLR Aleph) 005594941 | ||
| 090 |
_a6251835 _c6251835 |
||
| 100 | _a20030307d1989 |||y0rusy50 ca | ||
| 101 | 0 | _arus | |
| 102 | _aRU | ||
| 105 | _aa ||||||||| | ||
| 200 | 1 |
_aГорячим словом убежденья _e"Современник" Некрасова - Чернышевского _e[Сборник _fСост. Вандалковская М.Г. и др. _gАвт. вступ. ст. Вандалковская М.Г., с. 3-20] |
|
| 210 |
_aМ. _cСовременник _d1989 |
||
| 215 |
_a540, [2] с., [8] л. ил. _d21 |
||
| 225 | 1 | _aПамять | |
| 320 | _aУказ. имен: с. 526-541 | ||
| 702 | 1 |
_4220 _aВандалковская _bМ. Г. _c1932- _gМаргарита Георгиевна _9134761 _3RU\NLR\AUTH\770134795 |
|
| 712 | 1 | 2 |
_a"Современник", журн. _f1836-1866 _eПетербург |
| 801 | 0 |
_aRU _bNLR _gpsbo |
|
| 801 | 1 |
_aRU _bELAR _2rusmarc |
|
| 852 |
_aNLR _j89-3/15593 |
||
| 942 | _cBOOK | ||
| 980 | _aNB | ||